NBA 1st Team All-NBA Team From 1980-2023 - Statistics

General Stats
  • This quiz has been taken 256 times
  • The average score is 207 of 220
Answer Stats
Hint Team Answer % Correct
Lakers Anthony Davis
100%
Pelicans Anthony Davis
100%
Pelicans Anthony Davis
100%
Pelicans Anthony Davis
100%
Bucks Giannis Antetokounmpo
100%
Bucks Giannis Antetokounmpo
100%
Bucks Giannis Antetokounmpo
100%
Bucks Giannis Antetokounmpo
100%
Bucks Giannis Antetokounmpo
100%
Rockets James Harden
100%
Rockets James Harden
100%
Rockets James Harden
100%
Rockets James Harden
100%
ockets James Harden
100%
Rockets James Harden
100%
76ers Joel Embiid
100%
Lakers LeBron James
100%
2018 Cavaliers LeBron James
100%
2017 Cavaliers LeBron James
100%
2016 Cavaliers LeBron James
100%
2015 Cavaliers LeBron James
100%
2014 Heat LeBron James
100%
Heat LeBron James
100%
Heat LeBron James
100%
Heat LeBron James
100%
Cavaliers LeBron James
100%
Cavaliers LeBron James
100%
Cavaliers LeBron James
100%
Cavaliers LeBron James
100%
2023 Mavericks Luka Doncic
100%
2022 Mavericks Luka Doncic
100%
Mavericks Luka Doncic
100%
2020 Mavericks Luka Doncic
100%
Nuggets Nikola Jokic
100%
Nuggets Nikola Jokic
100%
Nuggets Nikola Jokic
100%
2021 Warriors Stephen Curry
100%
2019 Warriors Stephen Curry
100%
Warriors Stephen Curry
100%
Warriors Stephen Curry
100%
Clippers Kawhi Leonard
99%
Spurs Kawhi Leonard
99%
Spurs Kawhi Leonard
99%
Warriors Kevin Durant
99%
Thunder Kevin Durant
99%
Thunder Kevin Durant
99%
Thunder Kevin Durant
99%
Thunder Kevin Durant
99%
Thunder Kevin Durant
99%
Thunder Russell Westbrook
99%
Thunder Russell Westbrook
99%
Thunder Shai Gilgeous-Alexander
99%
Clippers Chris Paul
98%
Clippers Chris Paul
98%
Clippers Chris Paul
98%
Hornets Chris Paul
98%
Trailblazers Damian Lillard
98%
Suns Devin Booker
98%
Mavericks Dirk Nowitzki
98%
Mavericks Dirk Nowitzki
98%
Mavericks Dirk Nowitzki
98%
Mavericks Dirk Nowitzki
98%
Heat Dwyane Wade
98%
Heat Dwyane Wade
98%
Celtics Jayson Tatum
98%
Celtics Jayson Tatum
98%
Bulls Michael Jordan
98%
Bulls Michael Jordan
98%
Bulls Michael Jordan
98%
Bulls Michael Jordan
98%
Bulls Michael Jordan
98%
Bulls Michael Jordan
98%
Bulls Michael Jordan
98%
Bulls Michael Jordan
98%
Bulls Michael Jordan
98%
Bulls Michael Jordan
98%
Heat Shaquille O'Neal
98%
Heat Shaquille O'Neal
98%
Lakers Shaquille O'Neal
98%
Lakers Shaquille O'Neal
98%
Lakers Shaquille O'Neal
98%
Lakers Shaquille O'Neal
98%
Lakers Shaquille O'Neal
98%
Lakers Shaquille O'Neal
98%
Clippers DeAndre Jordan
97%
Bulls Derrick Rose
97%
Jazz Karl Malone
97%
Jazz Karl Malone
97%
Jazz Karl Malone
97%
Jazz Karl Malone
97%
Jazz Karl Malone
97%
1994 Jazz Karl Malone
97%
Jazz Karl Malone
97%
1992 Jazz Karl Malone
97%
Jazz Karl Malone
97%
Jazz Karl Malone
97%
Jazz Karl Malone
97%
2013 Lakers Kobe Bryant
97%
2012 Lakers Kobe Bryant
97%
2011 Lakers Kobe Bryant
97%
2010 Lakers Kobe Bryant
97%
2009 Lakers Kobe Bryant
97%
2008 Lakers Kobe Bryant
97%
2007 Lakers Kobe Bryant
97%
2006 Lakers Kobe Bryant
97%
2004 Lakers Kobe Bryant
97%
2003 Lakers Kobe Bryant
97%
2002 Lakers Kobe Bryant
97%
Thunder Paul George
97%
Suns Steve Nash
97%
Suns Steve Nash
97%
Suns Steve Nash
97%
Spurs Tim Duncan
97%
Spurs Tim Duncan
97%
2005 Spurs Tim Duncan
97%
Spurs Tim Duncan
97%
Spurs Tim Duncan
97%
Spurs Tim Duncan
97%
2001 Spurs Tim Duncan
97%
2000 Spurs Tim Duncan
97%
1999 Spurs Tim Duncan
97%
1998 Spurs Tim Duncan
97%
76ers Allen Iverson
96%
76ers Allen Iverson
96%
76ers Allen Iverson
96%
Rockets Hakeem Olajuwon
96%
Rockets Hakeem Olajuwon
96%
Rockets Hakeem Olajuwon
96%
Rockets Hakeem Olajuwon
96%
Rockets Hakeem Olajuwon
96%
1987 Rockets Hakeem Olajuwon
96%
Nets Jason Kidd
96%
Nets Jason Kidd
96%
Suns Jason Kidd
96%
Suns Jason Kidd
96%
Suns Jason Kidd
96%
Celtics Kevin Garnett
96%
Timberwolves Kevin Garnett
96%
Timberwolves Kevin Garnett
96%
Timberwolves Kevin Garnett
96%
Lakers Magic Johnson
96%
Lakers Magic Johnson
96%
Lakers Magic Johnson
96%
Lakers Magic Johnson
96%
Lakers Magic Johnson
96%
1986 Lakers Magic Johnson
96%
1985 Lakers Magic Johnson
96%
1984 Lakers Magic Johnson
96%
1983 Lakers Magic Johnson
96%
76ers Moses Malone
96%
76ers Moses Malone
96%
Rockets Moses Malone
96%
Lakers Dwight Howard
95%
Magic Dwight Howard
95%
Magic Dwight Howard
95%
Magic Dwight Howard
95%
Magic Dwight Howard
95%
Pistons Isiah Thomas
95%
Pistons Isiah Thomas
95%
Pistons Isiah Thomas
95%
Celtics Larry Bird
95%
Celtics Larry Bird
95%
Celtics Larry Bird
95%
Celtics Larry Bird
95%
Celtics Larry Bird
95%
Celtics Larry Bird
95%
1982 Celtics Larry Bird
95%
1981 Celtics Larry Bird
95%
1980 Celtics Larry Bird
95%
Grizzlies Marc Gasol
95%
Bulls Scottie Pippen
95%
Bulls Scottie Pippen
95%
Bulls Scottie Pippen
95%
Spurs David Robinson
94%
Spurs David Robinson
94%
Spurs David Robinson
94%
Spurs David Robinson
94%
Jazz John Stockton
94%
Jazz John Stockton
94%
Lakers Kareem Abdul-Jabbar
94%
Lakers Kareem Abdul-Jabbar
94%
Lakers Kareem Abdul-Jabbar
94%
Lakers Kareem Abdul-Jabbar
94%
1993 Suns Charles Barkley
93%
1991 76ers Charles Barkley
93%
1990 76ers Charles Barkley
93%
1989 76ers Charles Barkley
93%
1988 76ers Charles Barkley
93%
Supersonics Gary Payton
90%
Magic Tracy McGrady
90%
Magic Tracy McGrady
90%
Supersonics Gary Payton
89%
Knicks Patrick Ewing
88%
Trailblazers Clyde Drexler
87%
Bulls Joakim Noah
87%
76ers Julius Erving
87%
76ers Julius Erving
87%
76ers Julius Erving
87%
76ers Julius Erving
87%
1996 Magic Anfernee Hardaway
86%
1995 Magic Anfernee Hardaway
86%
1997 Heat Tim Hardaway
86%
Heat Alonzo Mourning
84%
Suns Amar'e Stoudemire
82%
Hawks Dominique Wilkins
82%
Suns Dennis Johnson
80%
Celtics Kevin Mchale
80%
Kings Chris Webber
79%
Spurs George Gervin
72%
Spurs George Gervin
72%
Spurs George Gervin
72%
Warriors Chris Mullin
68%
Cavaliers Mark Price
68%
Pistons Grant Hill
59%
Knicks Bernard King
52%
Knicks Bernard King
52%
Bucks Sidney Moncrief
51%
Warriors Latrell Sprewell
29%
Supersonics Gus Williams
25%
Suns Paul Westphal
11%
No matching quizzes found
Score Distribution
Percent of People with Each Score
Percentile by Number Answered
Your Score History
You have not taken this quiz